| 000 | 00610nam a2200205Ia 4500 | ||
|---|---|---|---|
| 003 | IIN | ||
| 005 | 20240105113951.0 | ||
| 008 | 231217s9999 xx 000 0 und d | ||
| 020 |
_cRs.1000.00 _a9789385274480 |
||
| 040 |
_aIIN _bEnglish |
||
| 082 |
_a612 _bMAH |
||
| 100 | 1 | _aMahapatra, Anil Baran Singha | |
| 245 | 1 |
_aEssentials of Medical Physiology _cAnil Baran Singha Mahapatra & Gargi Singha Mahapatra |
|
| 250 | _a5th ed | ||
| 260 |
_bCurrent Book International _aKolkata _c2021 |
||
| 300 | _a[3], 4-550 p. | ||
| 650 | 1 |
_aPhysiology _v Medical |
|
| 700 | 1 | _aMahapatra, Gargi Singha | |
| 942 | _cBOOK | ||
| 999 |
_c329 _d329 |
||